000 00565nam a2200217Ia 4500
003 OSt
005 20260102094121.0
008 210210b2013 xxu||||| |||| 00| 0 eng d
020 _a9781259005589
040 _cAL
041 _aeng
082 _a003 DHAO
100 _aDHAMDHERE (Dhananjay M)
_9140975
245 _aOperating systems: a concept based approach
250 _a3
260 _aNew Delhi
_bMcGraw Hill Education (India) Private Limited
_c2013
300 _axx,828
690 _aOperating Systems
_9140984
906 _a069130
942 _2ddc
_cBK
999 _c153228
_d153228